| 000 | 00733nam a22002177a 4500 | ||
|---|---|---|---|
| 005 | 20110928112250.0 | ||
| 010 | _aG-001508 | ||
| 020 |
_c595.00 _a9788170947417 |
||
| 035 | 1 | d | _aG-001508 |
| 037 | _bGift | ||
| 082 | _a920 | ||
| 100 |
_aIssar, Satish K. _934969 |
||
| 245 |
_aGeneral S.M. Shrinagesh: _cby Satish K. Issar _bsoldier, scholar, statesman / |
||
| 260 |
_aNew Delhi _bVision Books _c2009 |
||
| 270 |
_a24 Feroze Gandhi Road, Lajpat Nagar _bNew Delhi _e110024 |
||
| 300 |
_a356p. _c24cm(Hb) |
||
| 500 | _aIncludes index | ||
| 942 |
_2ddc _cEN _h920 _mISS |
||
| 999 |
_c57098 _d57098 |
||